00000000nam 2200000za 4500
0019.609981
003CaOODSP
00520200729152935
007ta
008150406|1994||||xxc|||||     f|0| 0 eng d
020 |a0-662-19823-9
022 |a0318-5850
040 |aCaOODSP|beng
043 |an-cn---
0861 |aEn36-502/196E
1101 |aCanada. |bEnvironmental Conservation Service.
24510|aWater quality modelling of the Upper Saint John River : |ba comparison study / |cby H. Cheng and D. Lockerbie.
260 |aOttawa - Ontario : |bEnvironment Canada. |c1994.
300 |av, 27p. : |bfigs., graphs, references, tables ; |c28 cm.
4901 |aScientific series|x0318-5850|v196
500 |a"Two computer models were used in this comparison study: the Environment Canada One-dimensional Hydrodynamic model (the One-D model) and the U.S. Environmental Protection Agency (EPA) water quality model QUAL-IIe."--Abstract. N.B.: Incorrect catalogue number (En 37-502/1996E) printed in this publication.
5203 |aTwo computer models were used in this comparison study: the Environment Canada One-dimensional Hydrodynamic model (the One-D model) and the U.S. Environmental Protection Agency (EPA) water quality model QUAL-IIe.--Abstract
546 |aRésumés en français
563 |aSoftcover
590 |a94-16|b1994-04-22
69007|aWater quality|2gcpds
7201 |aCheng, H.
7201 |aLockerbie, D.
7760#|tWater quality modelling of the upper Saint John River |w(CaOODSP)9.855104
830#0|aScientific series,|x0318-5850|v196|w(CaOODSP)9.514558